Konštrukčný návrh kabíny invalidného vozíka

Uložené v:
Podrobná bibliografia
Hlavný autor: Trnený, Marek (Autor)
Ďalší autori: Bucha, Jozef (Vedúci práce)
Médium: Rukopis Kniha
Jazyk:Slovak
Vydavateľské údaje: 2016
Predmet:
On-line prístup:http://is.stuba.sk/zp/portal_zp.pl?podrobnosti=133393
Tagy: Pridať tag
Žiadne tagy, Buďte prvý, kto otaguje tento záznam!

MARC

LEADER 00000ntm a22000003a 4500
001 stuzp58858
003 SK-STU
005 20160719155703.2
007 ta
008 150427s2015----xo-----f-mn---000-0-slo-d
040 |a STU  |b slo 
041 0 |a slo 
100 1 |a Trnený, Marek  |u 020030  |k Z4  |4 aut  |U SjF Strojnícka fakulta  |T SjF Ústav dopravnej techniky a konštruovania  |X 42000  |U J0030  |Y 806  |7 A000042000 
242 0 1 |a Constructional proposal of cabin wheelchair  |y eng 
245 1 0 |a Konštrukčný návrh kabíny invalidného vozíka 
260 |c 2016 
650 4 |a rám  |2 slo 
650 4 |a invalidný vozík  |2 slo 
650 4 |a sedadlo  |2 slo 
650 4 |a pevnostná analýza  |2 slo 
650 4 |a wheelchair  |2 eng 
650 4 |a seat  |2 eng 
650 4 |a frame  |2 eng 
700 1 |a Bucha, Jozef  |u 020030  |k Z1  |4 ths  |U SjF Strojnícka fakulta  |T SjF Ústav dopravnej techniky a konštruovania  |X 70878  |U J0030  |Y 806  |7 A000070878 
856 4 |u http://is.stuba.sk/zp/portal_zp.pl?podrobnosti=133393 
996 |b 284j044892  |c J* 2522/DP  |l JJSK  |s A  |a 24  |w stuzp58858_0001 
SQL |a stuzp58858  |b DDP  |c SLO  |d Konštrukčný návrh kabíny invalidného vozíka  |e 42000  |f Trnený, Marek  |g 020030  |h 70878  |i Bucha, Jozef  |j 20160616  |k 1305  |l 02  |m http://is.stuba.sk/zp/portal_zp.pl?podrobnosti=133393  |n I-AMPS  |o 5.2.3. dopravné stroje a zariadenia